Responses for Show #8571 - Monday, February 7, 2022

Contestants

[<< previous game]

Jennifer Kronenberger, a social worker from Metarie, Louisiana

Lawrence Long, a nursing student and stay-at-home uncle from East Bend, North Carolina

Emma Saltzberg, a consultant from Brooklyn, New York (whose 3-day cash winnings total $54,199)

[next game >>]

Jeopardy! Round responses

THE WRATH OF KHAN
AIR
MIXED BAGS
THE WORD SERIES
& THEN TO THE OPERA HOUSE!
POP CULTURE "EAST" & "WEST"
(Mayim: One of those words will be in each response.)
    $200 16
Xanadu

Triple Stumper
    $200 18
ozone

Jennifer
    $200 4
a tote bag

Emma
    $200 22
(Mayim: [Winks] Yes.)
[Laughter]

a wink

Lawrence
    $200 8
Sydney

Emma
    $200 1
West Side Story

Jennifer
    $400 17
(Lawrence: What is Mongolia?)

Tibet

Lawrence
Triple Stumper
    $400 19
(Mayim: As a nursing student, I am glad you are correct.)

total lung capacity

Lawrence
    $400 5
bagpipes

Emma
    $400 23
defend

Emma
    $400 10
Brussels

Lawrence
    $400 2
Westworld

Triple Stumper
    $600 29
[The end-of-round signal sounds.]

the Silk Road

Emma
    $600 20
(Lawrence: What are helmets?)

soccer balls

Lawrence
Triple Stumper
    $600 6
sandbag

Emma
    $600 24
tender

Emma
    $600 11
Calgary

Jennifer
    $600 3
Eastside

Triple Stumper
    $800 21
an air pocket

Triple Stumper
    $800 7
cheesecloth

Lawrence
    $800 25
(Emma: What is insert tab?)
(Lawrence: What is strike match?)

before striking

EmmaLawrence
Triple Stumper
    $800 12
Tel Aviv

Lawrence
    $800 14
(Jennifer: What is Rebel Without a Cause?)

East of Eden

LawrenceJennifer
    $1000 28
the Golden Horde

Jennifer
    $1000 27
relative humidity

Triple Stumper
    $1000 9
saddlebags

Emma
    $1000 26
(Mayim: Less than a minute.)

troubles

Lawrence
    $2,000 13
(Lawrence: What is Rome?)

Turin

Lawrence
    $1000 15
Eastbound & Down

Lawrence

Scores at the first commercial break (after clue 15):

Emma Lawrence Jennifer
$2,400 $1,800 $0

Scores at the end of the Jeopardy! Round:

Emma Lawrence Jennifer
$3,200 $1,600 $1,200

Double Jeopardy! Round responses

ANGELS & DEMONS & INSURANCE AGENTS
PHOTOGRAPHERS
INTERNATIONAL AIRLINES
WORDS WITH NUMBERS IN THEM
PROSE
CANNES
    $400 19
Hells Angels

Emma
    $400 26
(Lawrence: What is Time?)

Life

LawrenceJennifer
    $400 1
Dublin

Lawrence
    $400 16
weighty

Triple Stumper
    $400 11
tea

Triple Stumper
    $400 7
a piano

Emma
    $800 20
Safeco

Triple Stumper
    $800 27
Mother

Lawrence
    $800 2
Lufthansa

Lawrence
    $800 17
tenuous

Jennifer
    $4,000 12
(Emma: What is Hungarian?)

Czech

Emma
    $800 3
The Third Man

Lawrence
    $1200 21
(Trent) Reznor

Lawrence
    $1200 28
(Joe) Namath

Lawrence
    $1200 8
Alitalia

Emma
    $1200 18
petit fours

Emma
    $1200 13
John Brown

Emma
    $3,600 4
the Palme d'Or

Lawrence
    $1600 22
term

Jennifer
    $1600 29
Brady

Lawrence
    $1600 9
Aeroflot

Jennifer
    $1600 24
one-time

Triple Stumper
    $1600 14
Blood Meridian

Lawrence
    $1600 5
(Roberto) Benigni

Lawrence
    $2000 23
Puck

Triple Stumper
    $2000 30
Ansel Adams

Emma
    $2000 10
(Jennifer: What is Air El Al?)
(Emma: What is Air [*]?)

Emirates

EmmaJennifer
    $2000 25
strychnine

Jennifer
    $2000 15
Wollstonecraft

Emma
    $2000 6
Persepolis

Emma

Scores at the end of the Double Jeopardy! Round:

Emma Lawrence Jennifer
$11,600 $14,800 $5,600

[wagering suggestions for these scores]

Final Jeopardy! Round responses

TOYS & GAMES
(Mayim: [To Lawrence] Originally called Trivia Pursuit, but the wife of the co-creators suggested adding the "L".)
JenniferWhat is ?
$5,000
EmmaWhat is The
$2,000
LawrenceWhat is Trivial Pursuit?
$8,401
Trivial Pursuit

Final scores:

Emma Lawrence Jennifer
$9,600 $23,201 $600
2nd place: $2,000 New champion: $23,201 3rd place: $1,000

Game dynamics:

Coryat scores:

Emma Lawrence Jennifer
$15,600 $14,400 $5,600
17 R,
2 W
(including 1 DD)
18 R
(including 1 DD),
5 W
(including 1 DD)
9 R,
2 W

Combined Coryat: $35,600

[game clues] [game scores] [suggest correction]

Game tape date: 2021-11-30
The J! Archive is created by fans, for fans. Scraping, republication, monetization, and malicious use prohibited; this site may use cookies and collect identifying information. See terms. The Jeopardy! game show and all elements thereof, including but not limited to copyright and trademark thereto, are the property of Jeopardy Productions, Inc. and are protected under law. This website is not affiliated with, sponsored by, or operated by Jeopardy Productions, Inc. Join the discussion at JBoard.tv.